| 000 | 00515nam a22001937a 4500 | ||
|---|---|---|---|
| 003 | OSt | ||
| 005 | 20220107122801.0 | ||
| 008 | 150526b xxu||||| |||| 00| 0 eng d | ||
| 020 | _a9788132110071 | ||
| 040 | _cIIITMK | ||
| 082 | _a658.4092 NOR/L | ||
| 100 |
_a Northouse, Peter G. _97004 |
||
| 245 | _aLeadership :Theory and practice | ||
| 260 |
_aNew Delhi, _bSage Publications India, _c2014 |
||
| 300 | _axviii, 485p. | ||
| 650 |
_aLEADERSHIP _97005 |
||
| 650 |
_aEXECUTIVE LEADERSHIP _97006 |
||
| 942 |
_2ddc _cBK |
||
| 999 |
_c4724 _d4724 |
||